000 00826nam a2200277 a 4500
001 24937
003 CO-ViMGA
008 141112s2004 ck r 000 u spa d
020 _a9789584538949
040 _aCO-ViMGA
_bspa
_cCO-ViMGA
041 _aSPA
090 _aC CHI4
100 1 _aChichester Clark, Emma
_937512
245 1 0 _aNo más besos! /
_cEmma Chichester Clark ; edición y traducción Cristina Puerta
260 _aBogotá :
_bNorma,
_c2012
300 _a32 p. : il.
490 _aBuenas noches
650 1 4 _aANIMALES - CUENTO
_937513
650 1 4 _aBESOS - CUENTO
_937514
650 1 4 _aCUENTOS INFANTILES INGLESES
_915884
650 1 4 _aDESDE LOS 3 AÑOS
_937515
650 1 4 _aLITERATURA
_92198
650 1 4 _aLITERATURA INFANTIL INGLESA
_937516
700 1 _aPuerta, Cristina
_937517
942 _2ddc
_cBK
999 _c2564
_d2564